Bienvenue au Catalogue en Ligne des Bibliothèques de l'Universite du Burundi

Normal view MARC view

Entry Topical Term

Number of records used in: 1

001 - CONTROL NUMBER

  • control field: 104363

003 - CONTROL NUMBER IDENTIFIER

  • control field: BI-BuBU

005 - DATE AND TIME OF LATEST TRANSACTION

  • control field: 20150105094433.0

008 - FIXED-LENGTH DATA ELEMENTS

  • fixed length control field: 150105|||a|||||| | ||| d

040 ## - CATALOGING SOURCE

  • Original cataloging agency: BI-BuBU
  • Transcribing agency: BI-BuBU

150 ## - HEADING--TOPICAL TERM

  • Topical term or geographic name as entry element: Amibiase
  • General subdivision: Prévalence
  • Chronological subdivision: 2008 à 2011
  • Geographic subdivision: Hôpital de Nyanza-Lac

670 ## - SOURCE DATA FOUND

  • Source citation: Work cat.: (BI-BuBU): aut. Nshimirimana, Dieudonné 104360, Evaluation de prévalence de l'amibiase diagnostiquée à l'hôpital de Nyaza-Lac pendant la période de 2008 à 2011, 2013

670 ## - SOURCE DATA FOUND

  • Source citation: Work cat.: (BI-BuBU): aut. Nshimirimana, Dieudonné 104360, Evaluation de prévalence de l'amibiase diagnostiquée à l'hôpital de Nyaza-Lac pendant la période de 2008 à 2011, 2013
© 2019-2026 - Bibliothèques de l'Université du Burundi |Tous droits réservés
home | Pour toute information urgente Contactez nous | tel whatsupp: +25779204313